| Tag |
First Indicator |
Second Indicator |
Subfields |
| LEADER |
00000cam a2200000 4500 |
| 001 |
in00000094033 |
| 005 |
20150927070243.0 |
| 008 |
791012s1971 fr a b 00000 fre |
| 010 |
|
|
|a 74322162
|
| 035 |
|
|
|a (OCoLC)05519040
|
| 035 |
|
|
|9 AAL5886AM
|
| 040 |
|
|
|a DLC
|c UIU
|d TXA
|d UtOrBLW
|
| 049 |
|
|
|a TXAM
|c [1338912]
|
| 050 |
|
0 |
|a TS1890
|b .P84
|
| 090 |
|
|
|a TS1890
|b .P84 1971
|
| 100 |
1 |
|
|a Pujarniscle, Serge.
|
| 245 |
1 |
0 |
|a Etude biochimique des lutoides du latex d'Hevea brasiliensis :
|b Mull. Arg., differences et analogies avec les lysomomes.
|
| 264 |
|
1 |
|a Paris :
|b Office de la recherche scientifique et technique outre-mer,
|c 1971.
|
| 300 |
|
|
|a 100 pages :
|b illustrations ;
|c 27 cm.
|
| 336 |
|
|
|a text
|b txt
|2 rdacontent
|
| 337 |
|
|
|a unmediated
|b n
|2 rdamedia
|
| 338 |
|
|
|a volume
|b nc
|2 rdacarrier
|
| 490 |
1 |
|
|a Memoire O.R.S.T.O.M. no. 48
|
| 500 |
|
|
|a Originally presented as the author's thesis, Paris.
|
| 504 |
|
|
|a Bibliography: pages [91]-98.
|
| 650 |
|
0 |
|a Rubber
|x Analysis.
|
| 650 |
|
0 |
|a Hevea.
|
| 830 |
|
0 |
|a Mémoires ORSTOM ;
|v no 48.
|
| 999 |
|
|
|a MARS
|
| 999 |
f |
f |
|s f5d424ab-a840-3444-a8b3-87eba848afbb
|i f538cddf-faf7-3911-aa19-20967a675e77
|t 0
|
| 952 |
f |
f |
|p ric
|a Texas A&M University
|b Rellis Campus
|c Joint Library Facility
|d Remote Storage
|t 0
|e TS1890 .P84 1971
|h Library of Congress classification
|i unmediated -- volume
|m A14805653790
|
| 998 |
f |
f |
|a TS1890 .P84 1971
|t 0
|l Remote Storage
|